البضاعة الراكدة في الشركات التجارية : (رقم التسجيلة. 26969)

تفاصيل مارك
000 -الفاتح
حقل البيانات ثابتة الطول 00707nam a22001817a 4500
003 - محدد رقم الضبط
رقم الضبط OSt
005 - وقت وتاريخ اخر تعامل مع التسجيلة
رقم الضبط 20150408114110.0
008 - عناصر البيانات ثابتة الطول - معلومات عامة
حقل البيانات ثابتة الطول 130124t 2010xxu||||g |||| 00| 0 ara d
040 ## - مصدر الفهرسة
وكالة الفهرسة الأصلية Ma-un
082 ## - رقم تصنيف ديوى العشرى
رقم الطبعة 21
رقم التصنيف 658.81
رقم المادة ب ج ب
100 ## - المدخل الرئيسى - إسم شخصى
الإسم الشخصى بلاكورد، جيمس
9 (RLIN) 19685
245 ## - بيان العنوان
العنوان البضاعة الراكدة في الشركات التجارية :
بقية العنوان أسباب وطرق التخلص منها /
بيان المسئوليه,etc تأليف جيمس بلاكورد ؛
الوسيط تعريب موسى يوسف.
250 ## - بيان الطبعة
بيان الطبعة ط. 1.
260 ## - PUBLICATION, DISTRIBUTION, ETC. (IMPRINT)
مكان الناشر او الموزع عمان، الأردن :
اسم الناشر او الموزع دار زهران للنشر والتوزيع،
تاريخ النشر أو التوزيع 2010
300 ## - الوصف المادى
التعداد 419 ص. ؛
أبعاد الوعاء 24 سم.
650 ## - المدخل الاضافى بالموضوع-مصطلح موضوعى
مصطلح موضوعي أو اسم جغرافي كعنصر مدخل إدارة المبيعات
9 (RLIN) 12321
942 ## - عناصر المدخل الإضافي( كوها)
مصدر التصنيف او مخطط الترفيف Dewey Decimal Classification
Koha [default] item type DVD
المقتنيات
حالة الفقد نموذج السعر الفعال حالة تلف ليس للاعارة رقم الطلب رقم النسخة تاريخ الاكتساب الموقع الحالي الباركود الفرع الرئيسي Date last seen نوع المادة فى نظام كوها مصدر التصنيف او خطة الترفيف Total Checkouts
  2013-03-10   Not For Loan 658.81 ب ج ب 1 2013-01-24 المكتبة المركزية بالمجمعة (CL) 00301584 المكتبة المركزية بالمجمعة (CL) 2013-03-10 كتاب Dewey Decimal Classification  
  2013-03-10     658.81 ب ج ب 2 2013-01-24 المكتبة المركزية بالمجمعة (CL) 00301585 المكتبة المركزية بالمجمعة (CL) 2013-03-10 كتاب Dewey Decimal Classification  
  2013-03-10     658.81 ب ج ب 3 2013-01-24 المكتبة المركزية بالمجمعة (CL) 00301586 المكتبة المركزية بالمجمعة (CL) 2013-03-10 كتاب Dewey Decimal Classification  
  2013-03-10   Not For Loan 658.81 ب ج ب 1 2013-01-24 مكتبة كلية العلوم و الدراسات الإنسانية برماح - طالبات (SRF) 00301587 مكتبة كلية العلوم و الدراسات الإنسانية برماح - طالبات (SRF) 2013-03-10 كتاب Dewey Decimal Classification  
  2013-03-10     658.81 ب ج ب 2 2013-01-24 مكتبة كلية العلوم و الدراسات الإنسانية برماح - طالبات (SRF) 00301588 مكتبة كلية العلوم و الدراسات الإنسانية برماح - طالبات (SRF) 2013-03-10 كتاب Dewey Decimal Classification  
  2013-03-10   Not For Loan 658.81 ب ج ب 1 2013-01-24 مكتبة كلية العلوم و الدراسات الإنسانية برماح - طلاب (SRM) 00301589 مكتبة كلية العلوم و الدراسات الإنسانية برماح - طلاب (SRM) 2013-03-10 كتاب Dewey Decimal Classification  
  2013-03-10     658.81 ب ج ب 2 2013-01-24 مكتبة كلية العلوم و الدراسات الإنسانية برماح - طلاب (SRM) 00301590 مكتبة كلية العلوم و الدراسات الإنسانية برماح - طلاب (SRM) 2013-03-10 كتاب Dewey Decimal Classification